| 000 | 00485nam a2200169 a 4500 | ||
|---|---|---|---|
| 001 | 3175 | ||
| 005 | 20140414132035.0 | ||
| 008 | 060202s19uu xx 00 eng d | ||
| 020 | _a0-439-38220-3 | ||
| 050 |
_aTR _bD61 2003 |
||
| 100 | _aMetzger, Steve | ||
| 245 |
_aDinofours : we love mud! / _cby Steve Metzger ; illustrated by Hans Wilhelm. |
||
| 260 |
_aNew York : _bScholastic, _c2003. |
||
| 300 | _a1 v. p. ; cm. | ||
| 650 |
_aMud _xFiction _xChildren stories. |
||
| 999 |
_c113694 _d113694 |
||